Učitavanje...
Wetlands
| Glavni autor: | |
|---|---|
| Daljnji autori: | |
| Format: | Printed Book |
| Jezik: | English |
| Izdano: |
New Jersey
John Wiley & Sons.
|
| LEADER | 00405nam a2200121Ia 4500 | ||
|---|---|---|---|
| 008 | 130614s9999 xx 000 0 eng d | ||
| 100 | |a Mitsch,William J. | ||
| 245 | |a Wetlands | ||
| 260 | |a New Jersey |b John Wiley & Sons. | ||
| 700 | |a Gosselink, James G. | ||
| 942 | |c BK | ||
| 999 | |c 129771 |d 129771 | ||
| 952 | |0 0 |1 0 |2 ddc |4 0 |6 577_680000000000000_MIT_W |7 0 |9 143176 |a ZOO |b ZOO |c ST1 |d 2011-11-17 |o 577.68 MIT/W |p ZOO5531 |r 2019-07-08 |y BK | ||